000
00166nam a22000857a 4500
082
_a
823
100
_a
BEATRIX POTTER
245
_a
RAYMOND BRIGGS THE SNOWMAN
942
_c
BK
999
_c
8429
_d
8429